Statistiques concernant Pokemon générique 3 (johto)

Cliquez ici pour prendre le quiz!

Statistiques générales

  • Ce quiz a été pris 98 fois
  • Le résultat moyen est 16 sur 21

Statistiques - réponses

HintRéponse% Correct
Le monde change ___ __ ___ ___tout autour de nous
96%
Pokemon ___ !Johto
95%
Pokemon ___ !Johto
95%
Pokemon ___ !Johto
95%
Etre le plus ____déterminé
82%
Chaque ___ qui passejour
81%
Car il faut ___ __ ____tous les attraper
81%
On veut tous ___ _ ___ ___être le meilleur dresseur
79%
Et ____ _ ___ on est capableprouver de quoi
76%
Car il faut tous les _____attraper
74%
Tu te ___surpasses
72%
Le monde change _ ___ __et devient flou
71%
Etre __ ___ _____le plus déterminé
69%
Le ___ _____ ___ ___ __ ___monde change tout autour de nous
69%
Le ___ ____ __ ___ _ __monde change tout autour de nous
69%
Le monde change ___ ___c'est fou
68%
Et reste __ ____ ____ ____le même malgré tout
64%
Continue tu _____t'améliores
64%
D'un ___ qui paraît ____destin incroyable
63%
On veut __ _ ___ _ _ ___tous se montrer à la hauteur
63%
Tu ____ _ _ ___ __ __progresses et tu deviens plus fort
56%

Distribution des résultats

Percentile par nombre de réponses

% des personnes avec chaque résultat

Votre développement - résultats

Vous n’avez pas pris ce quiz